<?xml version="1.0" encoding="UTF-8"?><?xml-stylesheet type="text/xsl" href="static/style.xsl"?><OAI-PMH xmlns="http://www.openarchives.org/OAI/2.0/" xmlns:xsi="http://www.w3.org/2001/XMLSchema-instance" xsi:schemaLocation="http://www.openarchives.org/OAI/2.0/ http://www.openarchives.org/OAI/2.0/OAI-PMH.xsd"><responseDate>2026-04-17T11:38:09Z</responseDate><request verb="GetRecord" identifier="oai:www.recercat.cat:10256/11538" metadataPrefix="marc">https://recercat.cat/oai/request</request><GetRecord><record><header><identifier>oai:recercat.cat:10256/11538</identifier><datestamp>2025-05-12T22:37:59Z</datestamp><setSpec>com_2072_452955</setSpec><setSpec>com_2072_2054</setSpec><setSpec>col_2072_452959</setSpec></header><metadata><record xmlns="http://www.loc.gov/MARC21/slim" xmlns:dcterms="http://purl.org/dc/terms/" xmlns:xsi="http://www.w3.org/2001/XMLSchema-instance" xmlns:doc="http://www.lyncode.com/xoai" xsi:schemaLocation="http://www.loc.gov/MARC21/slim http://www.loc.gov/standards/marcxml/schema/MARC21slim.xsd">
   <leader>00925njm 22002777a 4500</leader>
   <datafield ind2=" " ind1=" " tag="042">
      <subfield code="a">dc</subfield>
   </datafield>
   <datafield ind2=" " ind1=" " tag="720">
      <subfield code="a">Boy Roura, Mercè</subfield>
      <subfield code="e">author</subfield>
   </datafield>
   <datafield ind2=" " ind1=" " tag="720">
      <subfield code="a">Nolan, Bernard T.</subfield>
      <subfield code="e">author</subfield>
   </datafield>
   <datafield ind2=" " ind1=" " tag="720">
      <subfield code="a">Menció i Domingo, Anna</subfield>
      <subfield code="e">author</subfield>
   </datafield>
   <datafield ind2=" " ind1=" " tag="720">
      <subfield code="a">Mas-Pla, Josep</subfield>
      <subfield code="e">author</subfield>
   </datafield>
   <datafield ind2=" " ind1=" " tag="260">
      <subfield code="c">info:eu-repo/date/embargoEnd/2026-01-01</subfield>
   </datafield>
   <datafield ind2=" " ind1=" " tag="260">
      <subfield code="c">2013</subfield>
   </datafield>
   <datafield ind2=" " ind1=" " tag="520">
      <subfield code="a">A multiple linear regression (MLR) model was developed for the Osona region (1260km2, NE Spain) to determine aquifer vulnerability to nitrate pollution in groundwater. The MLR model was based on a data set of nitrate data from 57 private wells sampled in 2010. Up to 70 explanatory variables were screened to statistically identify the key parameters that determine nitrate concentration in groundwater in the study area. Finally, 5 variables were selected for the regression model, which are the following: (1) nitrogen loading as manure; (2) aquifer type; (3) percent of well-drained and deep soils; (4) percent of irrigated crops; and (5) an indicator of the presence of denitrification processes, which together represent the input of nitrogen, transport and attenuation of nitrate in groundwater. The model features three innovations: net nitrogen input was determined throughout the region using a simple mass balance approach and a newly available GIS tool; the model addresses the layering of sedimentary formations distinguishing different aquifer types; and detailed aquifer chemistry at well locations was incorporated into the spatial model by reducing data to composite variables for subsequent interpolation by kriging to represent denitrification processes occurring in the aquifer. All variables were significant in the MLR model (p-values&lt;0.10) and explained 75% of the variation in groundwater nitrate concentrations. A plot of observed vs. predicted nitrate for 25 validation wells yielded a significant (p-value&lt;0.001) and a positive correlation. According to the results obtained in the regression model, vulnerability maps for unconfined, leaky and confined aquifers were developed</subfield>
   </datafield>
   <datafield ind2=" " ind1=" " tag="520">
      <subfield code="a">This study has been financed by the Spanish Government's CGL2011-29975-C04-04 project.</subfield>
   </datafield>
   <datafield tag="653" ind2=" " ind1=" ">
      <subfield code="a">Aigües subterrànies -- Contaminació</subfield>
   </datafield>
   <datafield tag="653" ind2=" " ind1=" ">
      <subfield code="a">Groundwater -- Pollution</subfield>
   </datafield>
   <datafield tag="653" ind2=" " ind1=" ">
      <subfield code="a">Nitrats -- Aspectes ambientals</subfield>
   </datafield>
   <datafield tag="653" ind2=" " ind1=" ">
      <subfield code="a">Nitrates -- Environmental aspects</subfield>
   </datafield>
   <datafield tag="653" ind2=" " ind1=" ">
      <subfield code="a">Aigua -- Contaminació -- Catalunya -- Osona</subfield>
   </datafield>
   <datafield tag="653" ind2=" " ind1=" ">
      <subfield code="a">Water -- Pollution -- Catalonia -- Osona</subfield>
   </datafield>
   <datafield ind2="0" ind1="0" tag="245">
      <subfield code="a">Regression model for aquifer vulnerability assessment of nitrate pollution in the Osona region (NE Spain)</subfield>
   </datafield>
</record></metadata></record></GetRecord></OAI-PMH>